| 000 | 00749nam a2200193 i 4500 | ||
|---|---|---|---|
| 001 | 79623 | ||
| 003 | ES-MaACL | ||
| 005 | 20230906174022.0 | ||
| 007 | t| | ||
| 008 | 041022s1963 sp ||||1| spa d | ||
| 100 | 1 |
_aHernández Yzal, Santiago. _963079 |
|
| 245 | 1 | 3 |
_aLa responsabilidad por abordaje entre buques equipados con radar / _cSantiago Hernández Yzal ; prólogo de Antonio Polo Díez. |
| 260 |
_aBarcelona : _bPublicaciones de la Cátedra Consulado del Mar : _bFacultad de Derecho de la Universidad de Barcelona, _c[1963] |
||
| 300 |
_aXXVI, 706 p. ; _c24 cm. |
||
| 650 | 4 |
_aAbordaje. _9169735 |
|
| 700 | 1 |
_aPolo Díez, Antonio. _992876 |
|
| 710 | 2 |
_aUniversidad de Barcelona. _bFacultad de Derecho. _97147 |
|
| 852 |
_aES-MaACL _jC-25251 |
||
| 999 |
_c79623 _d79623 |
||